OECD reviews of innovation policy: Malaysia 2016

Salvato in:
Dettagli Bibliografici
Natura: Libro
Lingua:inglese
Pubblicazione: Paris OECD 2016
Serie:OECD reviews of innovation policy
Soggetti:
Tags: Aggiungi Tag
Nessun Tag, puoi essere il primo ad aggiungerne!!

MARC

LEADER 00000nam a2200000 4500
001 0231261
005 20240314123335.9
020 |a 978-92-64-25533-3 
041 0 |a eng 
044 |a FR 
245 1 0 |a OECD reviews of innovation policy: Malaysia 2016 
264 1 |a Paris  |b OECD  |c 2016 
300 |a 242 s. 
490 1 |a OECD reviews of innovation policy 
830 0 |a OECD reviews of innovation policy 
610 2 0 |a inovácia 
610 2 0 |a rozvoj vedecký 
610 2 0 |a rozvoj vedeckotechnický 
610 2 0 |a veda 
610 2 0 |a technológie nové 
610 2 0 |a zmeny štruktúrne 
610 2 0 |a vzdelanie vysokoškolské 
610 2 0 |a výskum 
610 2 0 |a porovnanie štatistické medzinárodné 
610 2 0 |a Malajzia